Carregant...
VMware private cloud computing
| Autor principal: | |
|---|---|
| Format: | Printed Book |
| Publicat: |
New Delhi
Wiley India
2013
|
| Matèries: |
| LEADER | 00512nam a22001577a 4500 | ||
|---|---|---|---|
| 020 | |a 9788126543489 | ||
| 082 | |a 004.678 2 |b GAL/V | ||
| 100 | |a Gallagher, Simon | ||
| 245 | |a VMware private cloud computing | ||
| 260 | |a New Delhi |b Wiley India |c 2013 | ||
| 300 | |a 400p. | ||
| 650 | |a Cloud computing | ||
| 650 | |a Computer science | ||
| 942 | |c BK | ||
| 999 | |c 38209 |d 38209 | ||
| 952 | |0 0 |1 0 |4 0 |6 004_678000000000000_2_GALV |7 0 |8 Stack |9 40443 |a KUCL |b KUCL |c Stack |d 2016-02-04 |g 799.00 |l 0 |o 004.678 2 GAL/V |p 37563 |r 2016-02-04 |w 2016-02-04 |y BK | ||